Normal view
MARC view
Entry Personal Name
001 - CONTROL NUMBER
- control field: 55636
003 - CONTROL NUMBER IDENTIFIER
- control field: dpl
005 - DATE AND TIME OF LATEST TRANSACTION
- control field: 20230830122514.0
008 - FIXED-LENGTH DATA ELEMENTS
- fixed length control field: 230830|| aca||aabn | a|a d
040 ## - CATALOGING SOURCE
- Original cataloging agency: dpl
- Transcribing agency: dpl
100 ## - HEADING--PERSONAL NAME
- Personal name: भटनागर राजेन्द्र मोहन
670 ## - SOURCE DATA FOUND
- Source citation: Work cat.: (dpl)197689: भटनागर राजेन्द्र मोहन , म्हारो तो गिरधर गोपाल /, 2021
